Topics in optimal transportation
Αποθηκεύτηκε σε:
| Κύριος συγγραφέας: | |
|---|---|
| Μορφή: | Βιβλίο |
| Γλώσσα: | English |
| Δημοσίευση: |
Providence, R.I. :
American Mathematical Society,
c2003
|
| Σειρά: | Graduate studies in mathematics ;
; 58 |
| Θέματα: | |
| Ετικέτες: |
Προσθήκη ετικέτας
Δεν υπάρχουν, Καταχωρήστε ετικέτα πρώτοι!
|
MARC
| LEADER | 00000nam a2200000 i 4500 | ||
|---|---|---|---|
| 001 | 1/59717 | ||
| 008 | 141112s2003 eng d | ||
| 020 | |a 978-0-8218-3312-4 | ||
| 035 | |l 10119746 | ||
| 040 | |a GR-MY-UA |b gre |e aacr | ||
| 041 | 0 | |a eng | |
| 082 | 0 | |a 519.72 |2 (23) | |
| 100 | 1 | |a Villani, Cedric |d 1973- | |
| 245 | 1 | 0 | |a Topics in optimal transportation / |c Cedric Villani |
| 260 | |a Providence, R.I. : |b American Mathematical Society, |c c2003 | ||
| 300 | |a xvi, 370 σ.; |b εικ., σχέδια; |c 26 εκ. | ||
| 490 | 1 | |a Graduate studies in mathematics |v ; 58 | |
| 504 | |a Βιβλιογραφία: σ.349-362. Ευρετήριο | ||
| 650 | 0 | 0 | |a Transportation problems (Programming) |
| 650 | 0 | 0 | |a Monge-Ampere equations. |
| 830 | 0 | |a Graduate studies in mathematics ; |v ; 58 | |
| 852 | |a INST |b SAMOS |e 20141112 |h 519.72 VIL |p 005300037171 |q 005300037171 |t BK |y 0 | ||
| 901 | |a BIBL3-2014-3 | ||
| 909 | |a Σ |b 189186 | ||
| 922 | |a 3ΕΛΗ |b 2014-05 |c ΤΜΗΜΑ ΜΑΘΗΜΑΤΙΚΩΝ |d ΔΙΑΔΡΟΜΕΣ | ||
| 970 | |a ΚΟΣΙΕΡΗΣ |b ΧΡΗΣΤΟΣ |z 2014/11/12 | ||